000 00578nam a22001697a 4500
999 _c61193
_d61193
005 20231229122732.0
008 231229s1981 ru ||||| |||| 00| 0 rus d
041 _arus
080 _a93(07) Б-78
100 _aБокщанин, А.Г.
_920932
245 _aИсточниковедение Древнего Рима /
_cА.Г. Бокщанин.
264 _aМ.,
_c1981.
300 _a159 с.:
_bил.;
_c22 см.
653 _aძველი რომის წყაროს შესწავლა
653 _aისტორია
942 _2udc
_cᲬᲘᲒᲜᲘ